Statistics for Least Democratic Countries with Exceptions

Click here to take the quiz!

General Stats

  • This quiz has been taken 153 times
    (33 since last reset)
  • The average score is 12 of 16

Answer Stats

Score% Correct
4.22Haiti- 0.35
93%
2.59Belarus0.11
90%
2.76Venezuela- 0.04
90%
3.31Russia0.20
90%
3.60Nicaragua0.05
90%
5.36Honduras- 0.06
90%
2.84Cuba0.00
83%
4.97Guatemala- 0.29
79%
5.08Bolivia0.24
79%
5.90El Salvador- 0.25
76%
5.78Moldova0.03
69%
5.81Ukraine- 0.09
69%
4.84Bosnia and Herzegovina- 0.02
59%
5.72Fiji- 0.13
55%
5.89North Macedonia- 0.08
52%
5.77Montenegro0.12
41%

Score Distribution

Percentile by Number Answered

Percent of People with Each Score

Your Score History

You have not taken this quiz since the last reset